Efektívne vypracovanie marketingovej stratégie podnikov

Enregistré dans:
Détails bibliographiques
Auteur principal: Sotáková, Kamila, 1996-
Format: Chapitre de livre
Langue:slovaque
Sujets:
Tags: Ajouter un tag
Pas de tags, Soyez le premier à ajouter un tag!

MARC

LEADER 00000naa$a2200000$$$4500
001 0276576
005 20240502074321.5
041 0 |a slo 
044 |a SK 
245 1 0 |a Efektívne vypracovanie marketingovej stratégie podnikov  |c Kamila Sotáková 
500 |a Abstrakt 
610 2 0 |a marketing elektronický 
610 2 0 |a marketing priamy 
610 2 0 |a stratégia marketingová 
610 2 0 |a podnik 
100 1 |a Sotáková, Kamila, 1996-